| 000 | 00532nam a2200217 a 4500 | ||
|---|---|---|---|
| 999 |
_c6924 _d6924 |
||
| 001 | 6924 | ||
| 003 | BD-JhCC | ||
| 005 | 20180201102019.0 | ||
| 008 | 180201s1967 p a|||| || | 000 0 eng d | ||
| 035 | _a(BD-JhCC)6924 | ||
| 040 |
_aBD-JhCC _dBD-JhCC |
||
| 041 | _aeng | ||
| 082 |
_a954.025 _bWHY 1967 |
||
| 100 | _aWhyte, Ruth | ||
| 245 |
_aGreat Moughuls / _cRuth Whyte, |
||
| 260 |
_aKarachi : _bOxford University Press, _c1967 |
||
| 300 |
_a73 p. : _c16 cm. |
||
| 650 |
_aMoghul _zIndia |
||
| 942 |
_2ddc _cBK |
||